00617 2200205 4500001002100000005001500021035002000036007000300056008003900059020001300098082001400111084002000125100002300145245011500168260004100283300003900324650001700363650001800380022001300398INLIS00000000000115220250131090200 a0010-0125000035ta250131 | | |  a20711050 a650-664.3 a650-664.3 BAY p0 aBayu Rizky Pratama1 aPrice Competition and Shifting Demand: The Relation between Palm and Coconut Oil Exports /cBayu Rizky Pratama aSwitzerland, Basel :bMDPI AG,c2024 a25 hlm, :bIlus ;c21 cm x 29,7 cm 4aMinyak Sawit 4aMinyak Kelapa a20711050